| 000 | 00711nam a2200217 u 4500 | ||
|---|---|---|---|
| 001 | 000113038 | ||
| 003 | AM-YEHGA | ||
| 005 | 20250617122424.0 | ||
| 008 | 980205s1947 ||||||||||||||||||||rus d | ||
| 040 | _aAM-YeHGA | ||
| 100 | 1 | _aАсмус, Валентин Фердинандович | |
| 245 | 1 | 0 |
_aЛогика / _cВ.Ф. Асмус ; АН СССР. Ин-т философии. |
| 260 |
_aМосква : _bГосполитиздат, _c1947. |
||
| 300 |
_a386 с. : _bрис. |
||
| 650 | 1 | 4 | _aЛогика |
| 650 | 1 | 4 | _aТеория познания |
| 650 | 1 | 4 | _aУчение о методологии |
| 710 | 2 | _aИнститут философии АН СССР | |
| 090 | _c37502 | ||
| 942 | _cBK | ||
| 999 |
_c36938 _d36938 |
||